000 00328nam a22001457a 4500
008 231004b ||||| |||| 00| 0 eng d
020 _a0300034970
041 _aeng
080 _a316
082 _a316KAY
100 _a24
101 _aSOCIOL
245 _aTHE SOCIAL MEANING OF MODERN BIOLOGY
_cKAYE .L.H
942 _2udc
_cBK
999 _c60415
_d60415